00639nam a2200169Ia 4500008004100000020001800041050002600059245010200085250001000187260002100197300002300218500012000241650003700361650000900398650003100407700003100438120626s9999 xx 000 0 und d a970-24-0330-804aQA76.9.D35 G6318 200210aEstructuras de datos y algoritmos en Javacautor, Michael T. Goodrich; coautor, Roberto Tamassia. a2a ed aMéxicobCECSA. aXIII, 642 paginas. aContiene: acerca de los autores\ prologo a la segunda edicion\ indice de contenido\ apendice\ bibliografia\ indice.17aESTRUCTURA DE DATOS-COMPUTADORAS17aJAVA17aALGORITMOS COMPUTACIONALES aTOMASSIA,Roberto,coaut.Ì